000 00650nam a22001937a 4500
005 20251108165446.0
008 250721s1991 xx 000 0 ara d
082 1 4 _aم/217.1/عبد
100 1 _aآل عبيكان، عبد المحسن بن ناصر
245 1 0 _aغاية المرام :
_bشرح مغني ذوي الإفهام لجمال الدين يوسف... /
264 1 _aالرياض :
_bمكتبة العبيكان،
_c1991.
300 _aمج
650 1 7 _aالإسلام
650 1 7 _aالفقهاء المسلمون
650 1 7 _aالفقه الإسلامي
650 1 7 _aفقه السنة
942 _2ddc
_cREF
999 _c28431
_d28431